The Design of Rainwater System for a Family House
Enregistré dans:
| Auteur principal: | |
|---|---|
| Autres auteurs: | |
| Format: | Manuscrit Livre |
| Langue: | slovaque anglais |
| Publié: |
2023
|
| Sujets: | |
| Accès en ligne: | http://is.stuba.sk/zp/portal_zp.pl?podrobnosti=165897 https://opac.crzp.sk/?fn=detailBiblioForm&sid=C0DEB8E07572332BAA230E15805F |
| Tags: |
Pas de tags, Soyez le premier à ajouter un tag!
|
MARC
| LEADER | 00000ntm a22000003a 4500 | ||
|---|---|---|---|
| 001 | stuzp93616 | ||
| 003 | SK-STU | ||
| 005 | 20230921115047.0 | ||
| 007 | ta | ||
| 008 | 150427s2015----xo-----f-mn---000-0-slo-d | ||
| 040 | |a STU |b slo | ||
| 041 | 0 | |a eng | |
| 100 | 1 | |a Szabóová, Csilla |u 010290 |4 aut |U SvF Stavebná fakulta |T SvF Katedra technických zariadení budov |X 112550 |U V290 |Y 31 |7 112550 | |
| 242 | 0 | 1 | |a The Design of Rainwater System for a Family House |y slo |
| 245 | 1 | 0 | |a The Design of Rainwater System for a Family House |
| 260 | |c 2023 | ||
| 650 | 4 | |a dažďová voda |2 slo | |
| 650 | 4 | |a pitná voda |2 slo | |
| 650 | 4 | |a nepitná voda |2 slo | |
| 650 | 4 | |a rainwater |2 eng | |
| 650 | 4 | |a potable water |2 eng | |
| 650 | 4 | |a non – potable water |2 eng | |
| 700 | 1 | |a Jánošková, Taťjana |4 ths |X 2745 |7 A000002745 | |
| 856 | 4 | |u http://is.stuba.sk/zp/portal_zp.pl?podrobnosti=165897 | |
| 856 | 4 | |u https://opac.crzp.sk/?fn=detailBiblioForm&sid=C0DEB8E07572332BAA230E15805F | |